Horror Movies - Statistics

General Stats
  • This quiz has been taken 3,328 times
    3,104 since last reset
  • The average score is 9 of 15
Answer Stats
Hint Answer % Correct
Jigsaw Saw
97%
Chucky Childs play
91%
Michael Myers Halloween
90%
Jason Friday the 13th
88%
Ghostface Scream
88%
Freddy Nightmare on Elm Street
87%
Norman Bates Psycho
72%
Jack Torrance The Shining
68%
Red Faced Demon Insidious
49%
Pazuzu The Exorcist
33%
Bathsheba The Conjuring
31%
Thomas Hewitt Texas Chainsaw Massacre
20%
Graf Orlok Nosferatu
18%
Evil Puppet Dead Silence
16%
Toby Paranormal Activity 3
6%
No matching quizzes found
Score Distribution
Percent of People with Each Score
Percentile by Number Answered
Your Score History
You have not taken this quiz since the last reset